| 000 | 00930cam a2200289 a 4500 | ||
|---|---|---|---|
| 001 | 443507 | ||
| 003 | OSt | ||
| 005 | 20230622143711.0 | ||
| 008 | 820709s1983 enka b 001 0 eng | ||
| 010 | _a 82011628 | ||
| 020 |
_a0201140675 (pbk.) : _c$16.55 |
||
| 020 |
_a0201140683 : _c$29.00 |
||
| 040 |
_aDLC _cDLC _dDLC |
||
| 043 |
_af------ _ad------ |
||
| 082 | 0 | 0 |
_a330 _bABO |
| 100 | 1 | _aAboyade, Ojetunji. | |
| 245 | 1 | 0 |
_aIntegrated economics : _ba study of developing economies / _cOjetunji Aboyade. |
| 260 |
_aLondon ; _aReading, Mass. : _bAddison-Wesley, _cc1983. |
||
| 300 |
_aviii, 568 p. : _bill. ; _c24 cm. |
||
| 504 | _aIncludes bibliographical references and index. | ||
| 650 | 0 | _aEconomics. | |
| 650 | 0 | _aEconomic development. | |
| 651 | 0 |
_aAfrica _xEconomic conditions _y1960- |
|
| 651 | 0 |
_aDeveloping countries _xEconomic conditions. |
|
| 906 |
_a7 _bcbc _corignew _d1 _eocip _f19 _gy-gencatlg |
||
| 942 |
_2ddc _cBK |
||
| 999 |
_c2354 _d2354 |
||